000 00698nam a2200229Ia 4500
003 OSt
005 20220925202657.0
006 a|||||r|||| 00| 0
007 ta
008 220923b |||||||| |||| 00| 0 eng d
037 _cGeneral Book
040 _aRTL
_cRTL
_beng
041 _2eng
_aeng
082 _aSigma&n2,N5, K6 GD
110 _aINDIA, CENTRAL STATISTICAL ORANISATION
_9264131
245 0 _aStatiscal pocket book of the indian union
260 _aDelhi
_bThe Manager of publication
_c1967
300 _avii,177p
_ccm.
700 _aINDIA, CENTRAL STATISTICAL ORANISATION
_9264132
942 _hSigma&n2,N5, K6 GD
_cGB
_2CC
999 _c543753
_d543753